[Event "FRA-chT4"]
[Site "France"]
[Date "2012.11.18"]
[Round "2"]
[White "Szylar, Eric"]
[Black "Alcidi, Valentin"]
[Result "1-0"]
[WhiteElo "2099"]
[BlackElo "1826"]
[PlyCount "65"]
[EventDate "2012.10.24"]
[EventType "team-swiss"]
[EventRounds "9"]
[EventCountry "FRA"]
[SourceTitle "EXT 2014"]
[Source "ChessBase"]
[SourceDate "2013.11.20"]
[SourceVersion "1"]
[SourceVersionDate "2013.11.20"]
[SourceQuality "1"]

1. e4 e5 2. Nc3 Nf6 3. f4 exf4 4. e5 Ng8 5. Nf3 Nc6 6. d4 g5 7. h4 g4 8. Ng5 d5 9. e6 Bxe6 10. Nxe6 fxe6 11. Qxg4 Qf6 12. Bxf4 Nh6 13. Qh5+ Kd7 14. Bg5 Qg6 15. Qxg6 hxg6 16. Bd3 Nf5 17. Ne2 Bh6 18. 0-0-0 Nxh4 19. Bxh6 Rxh6 20. g3 Nf5 21. Bxf5 Rxh1 22. Bxe6+ Kxe6 23. Rxh1 Ne7 24. Kd2 Rf8 25. Nf4+ Kd6 26. Rh7 Rf5 27. c3 c6 28. Ke3 g5 29. Nd3 Rf6 30. g4 b6 31. Ne5 Ke6 32. Rg7 c5 33. Rxg5 1-0

[Event "FRA-chT4 0809"]
[Site "France "]
[Date "2009.02.08"]
[Round "5"]
[White "Meunier, Samuel"]
[Black "Alcidi, Valentin"]
[Result "1-0"]
[WhiteElo "1929"]
[BlackElo "1870"]
[PlyCount "39"]
[EventDate "2008.10.??"]
[EventType "team-tourn"]
[EventRounds "9"]
[EventCountry "FRA"]
[SourceTitle "EXT 2010"]
[Source "ChessBase"]
[SourceDate "2010.11.25"]
[SourceVersion "1"]
[SourceVersionDate "2010.11.25"]
[SourceQuality "1"]

1. e4 e5 2. Nf3 Nc6 3. d4 exd4 4. Nxd4 Bc5 5. Be3 Qf6 6. c3 Nge7 7. g3 a6 8. Bg2 0-0 9. 0-0 d6 10. b4 Bxd4 11. cxd4 Nxb4 12. a3 Nbc6 13. Nc3 Ng6 14. f4 Re8 15. f5 Nf8 16. Nd5 Qd8 17. f6 Ng6 18. fxg7 Kxg7 19. Qh5 Re6 20. Bh3 1-0